000
00247nam a22000977a 4500
008
160512b xxu||||| |||| 00| 0 eng d
041
_a
eng
080
_a
612.39
245
_a
Lenda e pare ne industrine ushqimore 1:
_c
Namik Durmishi;
942
_2
udc
_c
BK
999
_c
2121
_d
2121